Utah School Districts - Statistics

General Stats
  • This quiz has been taken 9 times
    7 since last reset
  • The average score is 22 of 42
Answer Stats
School District % Correct
Logan
100%
Ogden
100%
Salt Lake City
100%
Alpine
50%
Beaver
50%
Box Elder
50%
Cache County
50%
Canyons
50%
Carbon
50%
Daggett
50%
Davis
50%
Duchesne
50%
Emery
50%
Garfield
50%
Grand County
50%
Granite
50%
Iron County
50%
Jordan
50%
Juab
50%
Kane
50%
Millard
50%
Morgan
50%
Murray
50%
Nebo
50%
North Sanpete
50%
North Summit
50%
Park City
50%
Provo City
50%
Rich
50%
San Juan
50%
Sevier
50%
South Sanpete
50%
South Summit
50%
Tintic
50%
Tooele County
50%
Uintah
50%
Wasatch
50%
Washington County
50%
Wayne
50%
Weber
50%
Aneth Community
0%
Piute
0%
No matching quizzes found
Score Distribution
Percent of People with Each Score
Percentile by Number Answered
Your Score History
You have not taken this quiz since the last reset